=LDR 00000nam 2200000 4500 =001 NUTBA000000000003160 =005 20140804150446.0 =006 =007 =008 =035 ##$$a 0010-081400000000004 =082 ##$$a 2X5.4 =100 ##$$a ISNAENI FUAD =245 ##$$a KEAJAIBAN SHALAWAT =260 ##$$a JOMBANG $b LINTAS MEDIA =850 ##$$a NBPNMAT =990 ##$$a 0001/BPAP-NTB/20142014